000
00197 a2200097 4500
001
4482
100
_a
Cotton
245
_a
Applied electricity
260
_a
_b
Cleaver-Hume
_c
090
_c
3680
_d
3680
942
_a
NUST-CAE
_c
M
_c
29780
999
_c
239555
_d
239555